[Event "World Chess Olympiad 2018"]
[Site "Batumi"]
[Date "2018.10.03"]
[Round "9"]
[Board "2"]
[WhiteFideId "8100144"]
[White "Mansour Sameer"]
[BlackFideId "21501564"]
[Black "Masrahi Abdulrahman A"]
[Result "1-0"]
[LiveChessVersion "1.4.8"]
[BlackElo "1879"]
[WhiteElo "2232"]

1. Nf3 {[%clk 1:30:55]} Nf6 {[%clk 1:30:39]} 2. g3 {[%clk 1:31:18]} d6
{[%clk 1:30:49]} 3. d4 {[%clk 1:31:00]} Nbd7 {[%clk 1:29:41]} 4. c4
{[%clk 1:30:53]} e5 {[%clk 1:29:03]} 5. Nc3 {[%clk 1:31:10]} Be7 {[%clk 1:27:45]}
6. Bg2 {[%clk 1:31:32]} O-O {[%clk 1:27:20]} 7. O-O {[%clk 1:31:43]} Re8
{[%clk 1:24:40]} 8. e4 {[%clk 1:29:12]} Bf8 {[%clk 1:23:16]} 9. h3
{[%clk 1:26:11]} c6 {[%clk 1:18:29]} 10. Re1 {[%clk 1:20:23]} Qc7
{[%clk 1:13:35]} 11. Be3 {[%clk 1:18:42]} g6 {[%clk 1:07:44]} 12. Qc2
{[%clk 1:15:12]} Bg7 {[%clk 1:06:26]} 13. Rab1 {[%clk 1:12:38]} a6
{[%clk 1:02:59]} 14. dxe5 {[%clk 1:06:14]} dxe5 {[%clk 1:01:51]} 15. c5
{[%clk 1:06:29]} Nf8 {[%clk 0:58:15]} 16. Na4 {[%clk 1:06:01]} Be6
{[%clk 0:57:38]} 17. Nd2 {[%clk 1:05:44]} Bxa2 {[%clk 0:50:53]} 18. Rbd1
{[%clk 1:06:05]} Be6 {[%clk 0:51:11]} 19. Nb6 {[%clk 1:06:16]} Rad8
{[%clk 0:51:01]} 20. Ndc4 {[%clk 1:06:39]} Rxd1 {[%clk 0:46:54]} 21. Rxd1
{[%clk 1:07:06]} Bxc4 {[%clk 0:46:30]} 22. Nxc4 {[%clk 1:07:07]} Ne6
{[%clk 0:44:47]} 23. Nd6 {[%clk 1:06:48]} Rd8 {[%clk 0:44:45]} 24. f4
{[%clk 1:05:53]} Ne8 {[%clk 0:37:39]} 25. Qd2 {[%clk 0:55:42]} Nxd6
{[%clk 0:21:28]} 26. cxd6 {[%clk 0:56:06]} Qd7 {[%clk 0:21:49]} 27. Qa5
{[%clk 0:51:17]} exf4 {[%clk 0:15:29]} 28. gxf4 {[%clk 0:51:44]} Bh6
{[%clk 0:14:13]} 29. Qd2 {[%clk 0:49:39]} c5 {[%clk 0:13:11]} 30. e5
{[%clk 0:49:51]} Bg7 {[%clk 0:12:28]} 31. Rf1 {[%clk 0:45:20]} f6
{[%clk 0:09:25]} 32. Qd5 {[%clk 0:42:08]} b6 {[%clk 0:07:17]} 33. Bf3
{[%clk 0:36:16]} f5 {[%clk 0:05:25]} 34. Qa2 {[%clk 0:36:17]} a5 {[%clk 0:05:02]}
35. Bd5 {[%clk 0:36:34]} Kf7 {[%clk 0:05:20]} 36. Qb3 {[%clk 0:35:15]} Rc8
{[%clk 0:03:24]} 37. Qxb6 {[%clk 0:34:25]} 1-0

[Event "World Chess Olympiad 2018"]
[Site "Batumi"]
[Date "2018.10.03"]
[Round "9"]
[Board "3"]
[WhiteFideId "21500029"]
[White "Al Habeeb Emad"]
[BlackFideId "8103178"]
[Black "Ahmad Al Khatib"]
[Result "0-1"]
[LiveChessVersion "1.4.8"]
[BlackElo "2355"]
[WhiteElo "1910"]

1. Nf3 {[%clk 1:30:46]} g6 {[%clk 1:30:53]} 2. d4 {[%clk 1:30:42]} Bg7
{[%clk 1:30:55]} 3. Nbd2 {[%clk 1:30:06]} d6 {[%clk 1:27:57]} 4. e4
{[%clk 1:26:59]} e6 {[%clk 1:25:51]} 5. Bd3 {[%clk 1:24:38]} Ne7 {[%clk 1:26:13]}
6. O-O {[%clk 1:23:23]} O-O {[%clk 1:26:26]} 7. Re1 {[%clk 1:19:36]} Nd7
{[%clk 1:24:12]} 8. Nf1 {[%clk 1:13:41]} b6 {[%clk 1:21:36]} 9. Bg5
{[%clk 1:09:00]} h6 {[%clk 1:20:54]} 10. Bd2 {[%clk 1:09:15]} Bb7
{[%clk 1:13:25]} 11. c3 {[%clk 1:06:55]} c5 {[%clk 1:12:30]} 12. Qb3
{[%clk 0:59:50]} Qc7 {[%clk 1:08:59]} 13. Ne3 {[%clk 0:49:23]} d5
{[%clk 1:02:35]} 14. exd5 {[%clk 0:47:45]} Nxd5 {[%clk 0:55:55]} 15. Ng4
{[%clk 0:44:15]} Kh7 {[%clk 0:42:26]} 16. Nge5 {[%clk 0:37:26]} Nxe5
{[%clk 0:38:04]} 17. Nxe5 {[%clk 0:36:31]} Rad8 {[%clk 0:36:34]} 18. Qd1
{[%clk 0:29:06]} Ne7 {[%clk 0:27:15]} 19. Bf4 {[%clk 0:25:49]} Qc8
{[%clk 0:27:39]} 20. Rc1 {[%clk 0:13:57]} Nc6 {[%clk 0:12:27]} 21. Nxc6
{[%clk 0:11:32]} Bxc6 {[%clk 0:12:52]} 22. Be5 {[%clk 0:10:48]} Bxe5
{[%clk 0:11:43]} 23. Rxe5 {[%clk 0:10:53]} cxd4 {[%clk 0:10:18]} 24. cxd4
{[%clk 0:11:03]} Qd7 {[%clk 0:10:10]} 25. Be4 {[%clk 0:07:20]} Bxe4
{[%clk 0:09:09]} 26. Rxe4 {[%clk 0:07:28]} Qd5 {[%clk 0:08:14]} 27. Qe2
{[%clk 0:05:02]} Rc8 {[%clk 0:07:42]} 28. Ra1 {[%clk 0:04:17]} Rfd8
{[%clk 0:06:28]} 29. h3 {[%clk 0:04:18]} Kg7 {[%clk 0:05:32]} 30. Qe3
{[%clk 0:02:47]} Rc2 {[%clk 0:05:13]} 31. b3 {[%clk 0:02:00]} Rc7
{[%clk 0:01:23]} 32. Rd1 {[%clk 0:01:59]} Rcd7 {[%clk 0:01:23]} 33. Rh4
{[%clk 0:01:33]} Qg5 {[%clk 0:01:18]} 34. Rf4 {[%clk 0:01:04]} e5
{[%clk 0:00:58]} 35. Rg4 {[%clk 0:00:43]} Qxe3 {[%clk 0:01:14]} 36. fxe3
{[%clk 0:00:57]} f5 {[%clk 0:01:20]} 37. Rg3 {[%clk 0:00:45]} exd4
{[%clk 0:01:36]} 38. exd4 {[%clk 0:00:50]} Rxd4 {[%clk 0:01:55]} 39. Rxd4
{[%clk 0:00:50]} Rxd4 {[%clk 0:02:24]} 40. Rc3 {[%clk 0:30:56]} Rd7
{[%clk 0:31:46]} 41. Rc2 {[%clk 0:29:03]} Kf6 {[%clk 0:29:03]} 42. Kf2
{[%clk 0:25:32]} Re7 {[%clk 0:23:52]} 43. Kf3 {[%clk 0:23:20]} g5
{[%clk 0:23:29]} 44. Rc6+ {[%clk 0:22:20]} Re6 {[%clk 0:23:40]} 45. Rc7
{[%clk 0:22:08]} a5 {[%clk 0:23:41]} 46. Rc2 {[%clk 0:22:14]} f4 {[%clk 0:19:49]}
47. Rc3 {[%clk 0:18:16]} Ke5 {[%clk 0:18:43]} 48. Rc4 {[%clk 0:15:33]} Kd5
{[%clk 0:16:19]} 49. Rc8 {[%clk 0:12:51]} Kd4 {[%clk 0:15:28]} 50. Rc7
{[%clk 0:12:08]} Kd3 {[%clk 0:15:40]} 51. Rd7+ {[%clk 0:08:57]} Kc3
{[%clk 0:15:10]} 52. Kf2 {[%clk 0:09:15]} Kb2 {[%clk 0:08:27]} 53. Rd2+
{[%clk 0:09:19]} Kc1 {[%clk 0:08:47]} 54. Rd5 {[%clk 0:09:22]} Kb1
{[%clk 0:09:08]} 55. Rd2 {[%clk 0:09:36]} b5 {[%clk 0:08:51]} 56. Rd5
{[%clk 0:06:59]} a4 {[%clk 0:08:26]} 57. bxa4 {[%clk 0:03:48]} bxa4
{[%clk 0:08:38]} 58. Ra5 {[%clk 0:02:34]} Re4 {[%clk 0:08:59]} 59. Kf3
{[%clk 0:02:41]} Re3+ {[%clk 0:08:44]} 60. Kf2 {[%clk 0:02:36]} a3
{[%clk 0:09:02]} 61. Ra6 {[%clk 0:02:56]} Kxa2 {[%clk 0:08:56]} 62. Rxh6
{[%clk 0:03:01]} Kb2 {[%clk 0:09:21]} 63. Ra6 {[%clk 0:03:01]} 0-1

[Event "World Chess Olympiad 2018"]
[Site "Batumi"]
[Date "2018.10.03"]
[Round "9"]
[Board "4"]
[WhiteFideId "7600437"]
[White "Issa Rafat"]
[BlackFideId "21500193"]
[Black "Al Mutairi Hassan S"]
[Result "1-0"]
[LiveChessVersion "1.4.8"]
[BlackElo "1809"]
[WhiteElo "2388"]

1. Nf3 {[%clk 1:30:51]} Nf6 {[%clk 1:30:12]} 2. c4 {[%clk 1:31:07]} d6
{[%clk 1:30:15]} 3. g3 {[%clk 1:30:45]} e5 {[%clk 1:29:57]} 4. Bg2
{[%clk 1:30:57]} g6 {[%clk 1:29:33]} 5. O-O {[%clk 1:29:15]} Bg7 {[%clk 1:29:33]}
6. d4 {[%clk 1:29:25]} Nbd7 {[%clk 1:29:54]} 7. Nc3 {[%clk 1:29:29]} O-O
{[%clk 1:28:54]} 8. e4 {[%clk 1:29:37]} c6 {[%clk 1:25:04]} 9. Re1
{[%clk 1:28:28]} Re8 {[%clk 1:19:06]} 10. Rb1 {[%clk 1:25:21]} exd4
{[%clk 1:16:13]} 11. Nxd4 {[%clk 1:25:35]} Ne5 {[%clk 1:16:30]} 12. b3
{[%clk 1:25:09]} a6 {[%clk 1:09:33]} 13. h3 {[%clk 1:24:17]} c5 {[%clk 0:57:23]}
14. Nc2 {[%clk 1:21:43]} Rb8 {[%clk 0:52:36]} 15. a4 {[%clk 1:15:34]} Nc6
{[%clk 0:37:59]} 16. Qd3 {[%clk 1:05:54]} Nd7 {[%clk 0:36:06]} 17. Bb2
{[%clk 1:01:51]} Nde5 {[%clk 0:34:46]} 18. Qd1 {[%clk 1:02:03]} f5
{[%clk 0:30:28]} 19. exf5 {[%clk 0:59:14]} Bxf5 {[%clk 0:29:39]} 20. Ne4
{[%clk 0:59:31]} Qd7 {[%clk 0:17:37]} 21. g4 {[%clk 0:58:37]} Bxe4
{[%clk 0:16:53]} 22. Rxe4 {[%clk 0:58:02]} b5 {[%clk 0:13:26]} 23. cxb5
{[%clk 0:49:49]} axb5 {[%clk 0:12:17]} 24. axb5 {[%clk 0:49:44]} Rxb5
{[%clk 0:12:17]} 25. Qd5+ {[%clk 0:49:58]} Kh8 {[%clk 0:03:51]} 26. f4
{[%clk 0:43:18]} Ne7 {[%clk 0:04:13]} 27. Qd2 {[%clk 0:43:09]} N5c6
{[%clk 0:00:43]} 28. Bxg7+ {[%clk 0:42:10]} Kxg7 {[%clk 0:01:10]} 29. Qc3+
{[%clk 0:41:47]} Kg8 {[%clk 0:01:19]} 30. Rbe1 {[%clk 0:40:44]} d5
{[%clk 0:00:52]} 31. Re6 {[%clk 0:36:41]} Nd8 {[%clk 0:00:37]} 32. R6e2
{[%clk 0:37:01]} Nf7 {[%clk 0:00:35]} 33. Qf6 {[%clk 0:36:18]} Rb7
{[%clk 0:01:03]} 34. b4 {[%clk 0:31:18]} cxb4 {[%clk 0:00:34]} 35. Nd4
{[%clk 0:29:14]} Qd6 {[%clk 0:00:39]} 36. Ne6 {[%clk 0:29:06]} Qb6+
{[%clk 0:00:37]} 37. Kh1 {[%clk 0:29:24]} 1-0

[Event "World Chess Olympiad 2018"]
[Site "Batumi"]
[Date "2018.10.03"]
[Round "9"]
[Board "1"]
[WhiteFideId "11900270"]
[White "Marckens Jean Louis"]
[BlackFideId "10500103"]
[Black "Pg Mohd Omar Ak Hira"]
[Result "1-0"]
[LiveChessVersion "1.4.8"]
[BlackElo "2175"]
[WhiteElo "1992"]

1. e4 {[%clk 1:30:47]} c5 {[%clk 1:30:15]} 2. Nf3 {[%clk 1:30:47]} Nc6
{[%clk 1:30:09]} 3. Bb5 {[%clk 1:29:30]} e6 {[%clk 1:28:44]} 4. Bxc6
{[%clk 1:29:09]} bxc6 {[%clk 1:29:00]} 5. e5 {[%clk 1:28:02]} f6 {[%clk 1:26:26]}
6. d3 {[%clk 1:26:12]} fxe5 {[%clk 1:24:26]} 7. Nxe5 {[%clk 1:25:40]} Qf6
{[%clk 1:20:17]} 8. Ng4 {[%clk 1:20:59]} Qg6 {[%clk 1:17:55]} 9. O-O
{[%clk 1:18:15]} d6 {[%clk 1:08:13]} 10. f4 {[%clk 1:14:50]} Ne7 {[%clk 1:05:01]}
11. Nc3 {[%clk 1:11:20]} Nf5 {[%clk 1:02:43]} 12. Ne3 {[%clk 1:08:06]} Be7
{[%clk 1:00:19]} 13. Nxf5 {[%clk 1:02:40]} Qxf5 {[%clk 0:59:33]} 14. Qf3
{[%clk 1:02:15]} Bd7 {[%clk 0:58:52]} 15. Bd2 {[%clk 1:00:32]} c4
{[%clk 0:54:05]} 16. Ne4 {[%clk 0:51:50]} cxd3 {[%clk 0:53:07]} 17. Qxd3
{[%clk 0:51:06]} O-O {[%clk 0:50:01]} 18. Rae1 {[%clk 0:48:58]} c5
{[%clk 0:45:28]} 19. Nf2 {[%clk 0:45:42]} Rab8 {[%clk 0:38:43]} 20. Qxf5
{[%clk 0:43:53]} Rxf5 {[%clk 0:38:55]} 21. Nd1 {[%clk 0:42:44]} Bh4
{[%clk 0:33:01]} 22. g3 {[%clk 0:41:10]} Bf6 {[%clk 0:30:57]} 23. b3
{[%clk 0:39:52]} Be7 {[%clk 0:24:26]} 24. Bc3 {[%clk 0:36:52]} Rbf8
{[%clk 0:21:49]} 25. Ne3 {[%clk 0:35:47]} Rh5 {[%clk 0:19:16]} 26. Rf2
{[%clk 0:30:44]} Bc6 {[%clk 0:15:38]} 27. Nf1 {[%clk 0:27:05]} Rh6
{[%clk 0:11:31]} 28. Rd2 {[%clk 0:24:14]} Kf7 {[%clk 0:08:53]} 29. Ne3
{[%clk 0:23:17]} Rg8 {[%clk 0:06:23]} 30. Nc4 {[%clk 0:22:44]} Rd8
{[%clk 0:06:08]} 31. Red1 {[%clk 0:22:34]} Bd5 {[%clk 0:06:04]} 32. Ne3
{[%clk 0:21:25]} Bf3 {[%clk 0:06:00]} 33. Rf1 {[%clk 0:20:51]} Bb7
{[%clk 0:05:51]} 34. Ba5 {[%clk 0:19:34]} Rc8 {[%clk 0:05:37]} 35. Bc3
{[%clk 0:17:32]} Rh5 {[%clk 0:04:35]} 36. Bb2 {[%clk 0:14:51]} Rg8
{[%clk 0:04:28]} 37. c4 {[%clk 0:13:51]} Ke8 {[%clk 0:04:28]} 38. Rdf2
{[%clk 0:13:24]} Kd7 {[%clk 0:03:37]} 39. Re1 {[%clk 0:12:40]} g5
{[%clk 0:03:29]} 40. fxg5 {[%clk 0:42:32]} Rhxg5 {[%clk 0:33:02]} 41. Rf7
{[%clk 0:42:08]} e5 {[%clk 0:20:29]} 42. Rxh7 {[%clk 0:40:21]} Rf8
{[%clk 0:19:20]} 43. Rf1 {[%clk 0:40:13]} Rxf1+ {[%clk 0:18:34]} 44. Kxf1
{[%clk 0:40:05]} Be4 {[%clk 0:18:35]} 45. Rf7 {[%clk 0:38:35]} Rh5
{[%clk 0:16:59]} 46. Rf2 {[%clk 0:37:58]} Bd3+ {[%clk 0:16:32]} 47. Ke1
{[%clk 0:36:44]} Kc6 {[%clk 0:13:13]} 48. h4 {[%clk 0:35:37]} Rh7
{[%clk 0:11:13]} 49. Kd2 {[%clk 0:35:07]} Bb1 {[%clk 0:11:16]} 50. Rf1
{[%clk 0:33:49]} Be4 {[%clk 0:11:27]} 51. Rf2 {[%clk 0:32:13]} Rg7
{[%clk 0:11:21]} 52. Nf1 {[%clk 0:31:58]} Bg6 {[%clk 0:09:06]} 53. Bc3
{[%clk 0:31:35]} Rg8 {[%clk 0:08:57]} 54. Kc1 {[%clk 0:31:20]} Bd3
{[%clk 0:08:31]} 55. Be1 {[%clk 0:28:08]} Bd8 {[%clk 0:07:30]} 56. Rf7
{[%clk 0:25:18]} a6 {[%clk 0:05:01]} 57. Kd2 {[%clk 0:24:48]} Bxf1
{[%clk 0:05:08]} 58. Rxf1 {[%clk 0:25:14]} Ba5+ {[%clk 0:05:26]} 59. Ke2
{[%clk 0:24:56]} Bxe1 {[%clk 0:05:46]} 60. Rxe1 {[%clk 0:24:47]} Rxg3
{[%clk 0:06:07]} 61. Rh1 {[%clk 0:24:30]} Kd7 {[%clk 0:05:27]} 62. h5
{[%clk 0:25:10]} Ke6 {[%clk 0:05:39]} 63. h6 {[%clk 0:25:24]} Rg8
{[%clk 0:06:02]} 64. h7 {[%clk 0:25:44]} Rh8 {[%clk 0:06:18]} 65. Rh6+
{[%clk 0:25:20]} Kf5 {[%clk 0:05:37]} 66. Kf3 {[%clk 0:24:42]} a5
{[%clk 0:05:02]} 67. a4 {[%clk 0:23:37]} Kg5 {[%clk 0:03:52]} 68. Rxd6
{[%clk 0:23:19]} Rxh7 {[%clk 0:04:16]} 69. Ke4 {[%clk 0:23:13]} Rb7
{[%clk 0:04:16]} 70. Kxe5 {[%clk 0:22:19]} Rxb3 {[%clk 0:04:37]} 71. Ra6
{[%clk 0:21:24]} Rb4 {[%clk 0:04:13]} 72. Kd5 {[%clk 0:21:07]} Rxa4
{[%clk 0:04:34]} 73. Kxc5 {[%clk 0:21:29]} Kf5 {[%clk 0:04:11]} 74. Kd5
{[%clk 0:20:35]} Ra1 {[%clk 0:04:22]} 75. c5 {[%clk 0:20:45]} a4 {[%clk 0:03:21]}
76. c6 {[%clk 0:20:34]} Rd1+ {[%clk 0:03:13]} 77. Kc5 {[%clk 0:20:37]} Rc1+
{[%clk 0:01:54]} 78. Kb6 {[%clk 0:20:22]} Rb1+ {[%clk 0:01:09]} 79. Kc7
{[%clk 0:19:44]} Ke6 {[%clk 0:00:32]} 80. Rxa4 {[%clk 0:19:29]} Rb2
{[%clk 0:00:34]} 81. Re4+ {[%clk 0:19:24]} Kd5 {[%clk 0:00:52]} 82. Re1
{[%clk 0:19:41]} Rh2 {[%clk 0:00:59]} 83. Rd1+ {[%clk 0:19:39]} Kc5
{[%clk 0:01:07]} 84. Rc1+ {[%clk 0:19:23]} Kb5 {[%clk 0:01:16]} 85. Kb7
{[%clk 0:19:38]} 1-0

[Event "World Chess Olympiad 2018"]
[Site "Batumi"]
[Date "2018.10.03"]
[Round "9"]
[Board "4"]
[WhiteFideId "10501673"]
[White "Sharikhan Shawal"]
[BlackFideId "11900113"]
[Black "Luxama Jacques Muller"]
[Result "1/2-1/2"]
[LiveChessVersion "1.4.8"]
[BlackElo "1904"]
[WhiteElo "1712"]

1. Nf3 {[%clk 1:30:54]} d5 {[%clk 1:30:53]} 2. g3 {[%clk 1:31:01]} Nf6
{[%clk 1:30:55]} 3. Bg2 {[%clk 1:31:01]} e6 {[%clk 1:31:10]} 4. b3
{[%clk 1:30:53]} Be7 {[%clk 1:31:02]} 5. Bb2 {[%clk 1:30:46]} Nbd7
{[%clk 1:30:41]} 6. O-O {[%clk 1:31:02]} O-O {[%clk 1:31:02]} 7. d3
{[%clk 1:29:49]} b6 {[%clk 1:31:10]} 8. e3 {[%clk 1:29:36]} Bb7 {[%clk 1:31:28]}
9. Nbd2 {[%clk 1:29:22]} c5 {[%clk 1:31:33]} 10. c4 {[%clk 1:27:44]} Rc8
{[%clk 1:30:27]} 11. Qe2 {[%clk 1:27:10]} Qc7 {[%clk 1:29:25]} 12. Rad1
{[%clk 1:22:31]} Rfe8 {[%clk 1:29:08]} 13. e4 {[%clk 1:16:19]} d4
{[%clk 1:27:43]} 14. Ne1 {[%clk 1:11:35]} e5 {[%clk 1:24:03]} 15. Nb1
{[%clk 1:05:20]} Nf8 {[%clk 1:22:10]} 16. Bc1 {[%clk 1:04:18]} Ng6
{[%clk 1:22:07]} 17. Bh3 {[%clk 0:59:00]} Rcd8 {[%clk 1:22:00]} 18. Bf5
{[%clk 0:58:11]} Bd6 {[%clk 1:21:27]} 19. Bg5 {[%clk 0:53:49]} Qe7
{[%clk 1:20:53]} 20. Ng2 {[%clk 0:49:16]} h6 {[%clk 1:20:24]} 21. Bc1
{[%clk 0:48:44]} Bc8 {[%clk 1:20:00]} 22. Bxc8 {[%clk 0:47:12]} Rxc8
{[%clk 1:20:13]} 23. Nd2 {[%clk 0:47:06]} Qd7 {[%clk 1:17:52]} 24. Nf3
{[%clk 0:44:18]} Qh3 {[%clk 1:17:52]} 25. Rfe1 {[%clk 0:34:49]} Ng4
{[%clk 1:17:18]} 26. Qf1 {[%clk 0:32:26]} Re6 {[%clk 0:56:36]} 27. Ngh4
{[%clk 0:31:04]} Qxf1+ {[%clk 0:52:11]} 28. Rxf1 {[%clk 0:31:04]} Nxh4
{[%clk 0:50:36]} 29. Nxh4 {[%clk 0:31:11]} Kh7 {[%clk 0:44:06]} 30. h3
{[%clk 0:28:18]} Nf6 {[%clk 0:42:34]} 31. Nf5 {[%clk 0:27:43]} Bf8
{[%clk 0:40:17]} 32. Kh2 {[%clk 0:23:28]} g6 {[%clk 0:40:37]} 33. Nh4
{[%clk 0:23:19]} Bd6 {[%clk 0:37:56]} 34. f4 {[%clk 0:21:30]} exf4
{[%clk 0:37:39]} 35. Bxf4 {[%clk 0:21:43]} Be7 {[%clk 0:34:25]} 36. Bc1
{[%clk 0:19:11]} Kg7 {[%clk 0:34:15]} 37. Rf3 {[%clk 0:16:56]} Nd7
{[%clk 0:34:04]} 38. Ng2 {[%clk 0:13:17]} Ne5 {[%clk 0:34:06]} 39. Rf2
{[%clk 0:12:39]} g5 {[%clk 0:33:06]} 40. Ne1 {[%clk 0:38:58]} Rcc6
{[%clk 0:58:31]} 41. Nf3 {[%clk 0:33:28]} Rf6 {[%clk 0:55:57]} 42. Kg2
{[%clk 0:31:54]} Nxf3 {[%clk 0:54:19]} 43. Rxf3 {[%clk 0:31:40]} Rxf3
{[%clk 0:54:38]} 44. Kxf3 {[%clk 0:31:45]} Rf6+ {[%clk 0:54:44]} 45. Kg2
{[%clk 0:29:27]} Bd6 {[%clk 0:54:29]} 46. Re1 {[%clk 0:28:27]} Be5
{[%clk 0:53:44]} 47. Re2 {[%clk 0:26:08]} Kg6 {[%clk 0:46:47]} 48. Rf2
{[%clk 0:25:24]} h5 {[%clk 0:39:40]} 49. Rxf6+ {[%clk 0:23:45]} Kxf6
{[%clk 0:39:57]} 50. Kf3 {[%clk 0:21:19]} Kg6 {[%clk 0:39:58]} 51. a4
{[%clk 0:18:22]} f6 {[%clk 0:40:12]} 52. Bd2 {[%clk 0:18:10]} Bd6
{[%clk 0:38:48]} 53. Bc1 {[%clk 0:16:28]} Kf7 {[%clk 0:38:55]} 54. Bd2
{[%clk 0:16:49]} Ke6 {[%clk 0:38:40]} 55. Bc1 {[%clk 0:16:40]} Be5
{[%clk 0:36:23]} 56. Bd2 {[%clk 0:16:56]} Bd6 {[%clk 0:35:28]} 57. Bc1
{[%clk 0:17:15]} Kd7 {[%clk 0:33:38]} 58. Bd2 {[%clk 0:17:32]} Kc6
{[%clk 0:33:34]} 59. Bc1 {[%clk 0:16:57]} a6 {[%clk 0:33:47]} 60. Bd2
{[%clk 0:16:52]} b5 {[%clk 0:32:51]} 61. Be1 {[%clk 0:14:12]} Be5
{[%clk 0:30:56]} 62. Bd2 {[%clk 0:14:29]} b4 {[%clk 0:30:28]} 1/2-1/2

[Event "World Chess Olympiad 2018"]
[Site "Batumi"]
[Date "2018.10.03"]
[Round "9"]
[Board "1"]
[WhiteFideId "8400709"]
[White "Gavarrete Nahun"]
[BlackFideId "14317176"]
[Black "Khalema Sechaba"]
[Result "1-0"]
[LiveChessVersion "1.4.8"]
[BlackElo "1779"]
[WhiteElo "2249"]

1. e4 {[%clk 1:26:18]} e5 {[%clk 1:30:43]} 2. f4 {[%clk 1:23:58]} exf4
{[%clk 1:21:22]} 3. Nf3 {[%clk 1:24:20]} Ne7 {[%clk 1:18:28]} 4. d4
{[%clk 1:22:20]} Ng6 {[%clk 1:17:45]} 5. Nc3 {[%clk 1:20:58]} Bb4
{[%clk 1:17:57]} 6. h4 {[%clk 1:15:43]} h5 {[%clk 1:17:52]} 7. Bc4
{[%clk 1:14:54]} Be7 {[%clk 1:17:22]} 8. Nd5 {[%clk 1:13:14]} c6 {[%clk 1:16:35]}
9. Nxf4 {[%clk 1:12:09]} Nxf4 {[%clk 1:03:05]} 10. Bxf4 {[%clk 1:10:08]} d5
{[%clk 0:55:04]} 11. exd5 {[%clk 1:09:53]} cxd5 {[%clk 0:55:26]} 12. Bb3
{[%clk 1:07:40]} Nc6 {[%clk 0:55:43]} 13. Qd3 {[%clk 1:06:46]} a6
{[%clk 0:55:59]} 14. O-O-O {[%clk 1:05:01]} Bg4 {[%clk 0:52:56]} 15. Rde1
{[%clk 1:05:22]} Rc8 {[%clk 0:53:19]} 16. Ne5 {[%clk 1:05:15]} Be6
{[%clk 0:50:30]} 17. Ng6 {[%clk 1:04:05]} fxg6 {[%clk 0:49:28]} 18. Rxe6
{[%clk 1:02:39]} O-O {[%clk 0:49:49]} 19. g3 {[%clk 0:59:29]} Rf5
{[%clk 0:45:15]} 20. c3 {[%clk 0:55:07]} Qd7 {[%clk 0:45:17]} 21. Rhe1
{[%clk 0:54:34]} Kf7 {[%clk 0:44:55]} 22. Bc2 {[%clk 0:47:18]} Bf8
{[%clk 0:40:11]} 23. g4 {[%clk 0:36:08]} Nb4 24. cxb4 {[%clk 0:36:17]} Rxc2+
{[%clk 0:32:01]} 25. Qxc2 {[%clk 0:33:41]} Rxf4 {[%clk 0:32:07]} 26. Qxg6+
{[%clk 0:31:48]} Kg8 {[%clk 0:27:04]} 27. gxh5 {[%clk 0:32:04]} Rxh4
{[%clk 0:23:58]} 28. Rf1 {[%clk 0:31:19]} Rf4 {[%clk 0:17:58]} 29. Rg1
{[%clk 0:21:40]} Qb5 {[%clk 0:15:44]} 30. Rf6 {[%clk 0:10:50]} Rxf6
{[%clk 0:12:34]} 31. Qxf6 {[%clk 0:11:05]} Qd3 {[%clk 0:12:59]} 32. Qe6+
{[%clk 0:08:12]} Kh8 {[%clk 0:13:15]} 33. h6 {[%clk 0:06:30]} Qf3
{[%clk 0:11:13]} 34. Qe8 {[%clk 0:01:41]} g5 {[%clk 0:09:55]} 35. Re1
{[%clk 0:00:45]} Kh7 {[%clk 0:08:42]} 36. Qe3 {[%clk 0:00:37]} Qf5
{[%clk 0:08:59]} 37. Qe5 {[%clk 0:00:46]} Qf3 {[%clk 0:08:56]} 38. Kc2
{[%clk 0:00:46]} g4 {[%clk 0:08:09]} 39. Qc7+ {[%clk 0:00:41]} Kh8
{[%clk 0:07:44]} 40. Re8 {[%clk 0:30:34]} Qf5+ {[%clk 0:36:06]} 41. Kb3
{[%clk 0:28:28]} Qf1 {[%clk 0:30:53]} 42. Qg7# 1-0